|
|
|
|
| LEADER |
00000cam a22000004a 4500 |
| 001 |
musev2_32307 |
| 003 |
MdBmJHUP |
| 005 |
20230905043416.0 |
| 006 |
m o d |
| 007 |
cr||||||||nn|n |
| 008 |
091207s1954 mnu o 00 0 eng d |
| 020 |
|
|
|a 9780816663279
|
| 020 |
|
|
|z 9780816667031
|
| 020 |
|
|
|z 0816663270
|
| 035 |
|
|
|a (OCoLC)233576031
|
| 040 |
|
|
|a MdBmJHUP
|c MdBmJHUP
|
| 100 |
1 |
|
|a Keve, Paul W.
|
| 245 |
1 |
0 |
|a Prison, Probation, or Parole :
|b A Probation Office Reports
|
| 264 |
|
1 |
|a Minneapolis :
|b University of Minnesota Press,
|c 1954.
|
| 264 |
|
3 |
|a Baltimore, Md. :
|b Project MUSE,
|c 2015
|
| 264 |
|
4 |
|c ©1954.
|
| 300 |
|
|
|a 1 online resource (272 pages).
|
| 336 |
|
|
|a text
|b txt
|2 rdacontent
|
| 337 |
|
|
|a computer
|b c
|2 rdamedia
|
| 338 |
|
|
|a online resource
|b cr
|2 rdacarrier
|
| 505 |
0 |
|
|a 1 Friends with a Past; 2 Not Very Good and Not Very Bad; 3 When Is Parole a Success?; 4 The "Case" Is Many People; 5 White-Collar One-Timer; 6 The Ordeal of Mrs. Quinn; 7 Justice Humanized; 8 Embezzlement, Feminine Gender; 9 Grand Larceny, Small-Scale; 10 Addicted to Marriage; 11 The Psychopathic Charmer; 12 The Casual Burglar; 13 The Big Operator; 14 The Foibles of the Young; 15 Sex and Middle Age; 16 "Ill Met by Moonlight"- or by Daylight; 17 Rape -- Who Is the Victim?; 18 Educating the Probation Officer -- the Hard Way; 19 Willing Victims; 20 Abortion Is a Business.
|
| 588 |
|
|
|a Description based on print version record.
|
| 650 |
|
7 |
|a Probation.
|2 fast
|0 (OCoLC)fst01077777
|
| 650 |
|
7 |
|a Parole.
|2 fast
|0 (OCoLC)fst01053858
|
| 650 |
|
6 |
|a Liberation conditionnelle
|v Études de cas.
|
| 650 |
|
6 |
|a Probation (Droit)
|v Études de cas.
|
| 650 |
|
0 |
|a Parole
|v Case studies.
|
| 650 |
|
0 |
|a Probation
|v Case studies.
|
| 655 |
|
7 |
|a Case studies.
|2 fast
|0 (OCoLC)fst01423765
|
| 655 |
|
7 |
|a Electronic books.
|2 local
|
| 710 |
2 |
|
|a Project Muse.
|e distributor
|
| 830 |
|
0 |
|a Book collections on Project MUSE.
|
| 856 |
4 |
0 |
|z Texto completo
|u https://projectmuse.uam.elogim.com/book/32307/
|
| 945 |
|
|
|a Project MUSE - Custom Collection
|
| 945 |
|
|
|a Project MUSE - Archive Complete Supplement III
|
| 945 |
|
|
|a Project MUSE - Archive Political Science and Policy Studies Supplement III
|